The noble scholar, jurist, historian


 His Excellency Dr. Abdul Wahhab bin Ibrahim Abu Sulaiman, may Allah have mercy on him.


 He was born in Umm Al-Qura in the year 1356 AH.

متشابه القرآن / (Record no. 14724)

MARC details
000 -LEADER
fixed length control field 01156cam a22002651i 4500
003 - CONTROL NUMBER IDENTIFIER
control field SA-RiAUC
005 - DATE AND TIME OF LATEST TRANSACTION
control field 20260405133955.0
008 - FIXED-LENGTH DATA ELEMENTS--GENERAL INFORMATION
fixed length control field 260402s1969 ua g 00000 ara c
040 ## - CATALOGING SOURCE
Original cataloging agency SA-JeALM
Language of cataloging ara
Transcribing agency SA-RiAUC
Description conventions rda
050 #4 - LIBRARY OF CONGRESS CALL NUMBER
Item number .Q23 1969
082 04 - DEWEY DECIMAL CLASSIFICATION NUMBER
Classification number 226.63
Assigning agency SA-RiAUC
090 ## - LOCALLY ASSIGNED LC-TYPE CALL NUMBER (OCLC); LOCAL CALL NUMBER (RLIN)
Classification number (OCLC) (R) ; Classification number, CALL (RLIN) (NR) 226.63
Local cutter number (OCLC) ; Book number/undivided call number, CALL (RLIN) ق ا ض
100 1# - MAIN ENTRY--PERSONAL NAME
Personal name قاضي القضاة، عبد الجبار بن أحمد بن عبد الجبار الهمذاني ،
Dates associated with a name توفي 415 هجري
Relator term مؤلف.
245 10 - TITLE STATEMENT
Title متشابه القرآن /
Statement of responsibility, etc. للقاضي عبدالجبار بن احمد الهمذاني ؛ تحقيق عدنان محمد زرزور.
264 #1 - PRODUCTION, PUBLICATION, DISTRIBUTION, MANUFACTURE, AND COPYRIGHT NOTICE
Place of production, publication, distribution, manufacture القاهرة :
Name of producer, publisher, distributor, manufacturer مكتبة دار التراث،
Date of production, publication, distribution, manufacture, or copyright notice 1969
300 ## - PHYSICAL DESCRIPTION
Extent 808 صفحة ؛
Other physical details الكتاب قسمين في مجلد واحد
Dimensions 24 سم
336 ## - CONTENT TYPE
Content type term نص
Content type code txt
Source rdacontent
Materials specified كتاب
337 ## - MEDIA TYPE
Media type term بدون وسيط
Media type code n
Source rdamedia
338 ## - CARRIER TYPE
Carrier type term مجلد
Carrier type code nc
Source rdacarrier
630 27 - SUBJECT ADDED ENTRY--UNIFORM TITLE
Uniform title القرآن
General subdivision المحكم والمتشابه
Source of heading or term aucut
700 1# - ADDED ENTRY--PERSONAL NAME
Personal name زرزور، عدنان محمد،
Dates associated with a name 1939-
Relator term محقق.
730 22 - ADDED ENTRY--UNIFORM TITLE
Uniform title القرآن
942 ## - ADDED ENTRY ELEMENTS (KOHA)
Source of classification or shelving scheme Dewey Decimal Classification
Koha item type Books
Suppress in OPAC No
949 ## - LOCAL PROCESSING INFORMATION (OCLC)
a SA-JeALM
d 260402
u osman123
n 1
Holdings
Withdrawn status Lost status Source of classification or shelving scheme Materials specified (bound volume or other part) Damaged status Not for loan Home library Current library Date acquired Total checkouts Full call number Barcode Date last seen Price effective from Koha item type
    Dewey Decimal Classification المجلد الاول (الجزء الاول والثاني)     DR AbdElwahab Library DR AbdElwahab Library 04/05/2026   226.63 ق ا ض 000023266 04/05/2026 04/05/2026 Books